[Event "CRO-chT2 East"]
[Site "Croatia"]
[Date "2014.04.26"]
[Round "1.12"]
[White "Dabic, Stanko"]
[Black "Goric, Esad"]
[Result "1/2-1/2"]
[WhiteElo "2171"]
[BlackElo "2311"]
[PlyCount "60"]
[EventDate "2014.04.26"]
[EventType "team-tourn"]
[EventRounds "11"]
[EventCountry "CRO"]
[SourceTitle "EXT 2019"]
[Source "ChessBase"]
[SourceDate "2018.10.10"]
[SourceVersion "1"]
[SourceVersionDate "2018.10.10"]
[SourceQuality "1"]

1. e4 e6 2. d4 d5 3. Nd2 Nf6 4. e5 Nfd7 5. Bd3 c5 6. c3 Nc6 7. Ne2 cxd4 8. cxd4 Nb6 9. 0-0 Bd7 10. f4 g6 11. Nf3 Qc7 12. Bd2 Nc4 13. Bxc4 dxc4 14. Qe1 Ne7 15. Bb4 Bc6 16. Nc3 0-0-0 17. Ne4 Bxe4 18. Qxe4 Nd5 19. Bxf8 Rhxf8 20. Rac1 Kb8 21. Nd2 Nb6 22. a4 Qd7 23. a5 Nc8 24. Rxc4 Qb5 25. b4 Ne7 26. Qd3 Qd5 27. Nf3 Qd7 28. Ng5 Rc8 29. Rfc1 Rxc4 30. Rxc4 Rc8 1/2-1/2

[Event "CRO-chT2 East"]
[Site "Osijek"]
[Date "2013.10.27"]
[Round "10.32"]
[White "Mrkonjic, Nenad"]
[Black "Dabic, Stanko"]
[Result "1/2-1/2"]
[WhiteElo "2384"]
[BlackElo "2188"]
[PlyCount "21"]
[EventDate "2013.04.20"]
[EventType "team-tourn"]
[EventRounds "11"]
[EventCountry "CRO"]
[SourceTitle "EXT 2023"]
[Source "ChessBase"]
[SourceDate "2022.10.05"]
[SourceVersion "1"]
[SourceVersionDate "2022.10.05"]
[SourceQuality "1"]

1. d4 d5 2. Nf3 Nf6 3. e3 e6 4. c4 Be7 5. Nc3 0-0 6. cxd5 Nxd5 7. Be2 c5 8. 0-0 Nc6 9. Nxd5 Qxd5 10. dxc5 Qxd1 11. Rxd1 1/2-1/2

[Event "Osijek Baranja CupT 6th"]
[Site "Osijek"]
[Date "2013.03.09"]
[Round "3.2"]
[White "Cajzler, Hinko"]
[Black "Dabic, Stanko"]
[Result "1/2-1/2"]
[WhiteElo "2146"]
[BlackElo "2188"]
[PlyCount "73"]
[EventDate "2013.03.08"]
[EventType "team-tourn"]
[EventRounds "5"]
[EventCountry "CRO"]
[SourceTitle "EXT 2014"]
[Source "ChessBase"]
[SourceDate "2013.11.20"]
[SourceVersion "1"]
[SourceVersionDate "2013.11.20"]
[SourceQuality "1"]

1. e4 c5 2. Nf3 e6 3. d4 cxd4 4. Nxd4 a6 5. Bd3 Nc6 6. c3 Nf6 7. 0-0 Qc7 8. Nb3 d5 9. exd5 Nxd5 10. Be4 Nf6 11. Bf3 Ne5 12. N1d2 Bd6 13. Be2 0-0 14. f4 Ng6 15. g3 b5 16. Bf3 Bb7 17. Bxb7 Qxb7 18. Nf3 Rfd8 19. Qe2 b4 20. cxb4 Bxb4 21. Be3 Ne7 22. Nc5 Qb5 23. Qxb5 axb5 24. a3 Nf5 25. Bf2 Ba5 26. Nb7 Rd5 27. Nxa5 Rxa5 28. Rac1 Ra8 29. Rc7 Ne4 30. Bb6 Nd2 31. Nxd2 Rxd2 32. Rfc1 h5 33. R7c2 Rxc2 34. Rxc2 Rb8 35. Ba7 Rb7 36. Rc8+ Kh7 37. Bf2 1/2-1/2

[Event "CRO-chT2 Ost"]
[Site "Osijek"]
[Date "2012.05.05"]
[Round "4.64"]
[White "Vernacki, Srdjan"]
[Black "Dabic, Stanko"]
[Result "1-0"]
[WhiteElo "2308"]
[BlackElo "2191"]
[PlyCount "61"]
[EventDate "2012.04.21"]
[EventType "team-tourn"]
[EventRounds "11"]
[EventCountry "CRO"]
[SourceTitle "EXT 2014"]
[Source "ChessBase"]
[SourceDate "2013.11.20"]
[SourceVersion "1"]
[SourceVersionDate "2013.11.20"]
[SourceQuality "1"]

1. e4 c5 2. Nf3 e6 3. d3 Nf6 4. g3 Be7 5. Bg2 Nc6 6. 0-0 0-0 7. Nbd2 d6 8. c3 Rb8 9. a4 a6 10. Re1 b5 11. axb5 axb5 12. Nf1 Bb7 13. h4 Ra8 14. Rxa8 Qxa8 15. N1h2 b4 16. c4 Qa2 17. g4 Nd7 18. g5 Re8 19. h5 Nce5 20. Nxe5 dxe5 21. Qg4 Bd6 22. Qg3 Qa8 23. Ng4 Kh8 24. Bf3 f5 25. gxf6 gxf6 26. Nh6 Re7 27. Kh2 Rg7 28. Qh3 Qe8 29. Rg1 Rxg1 30. Kxg1 Bc8 31. Qg4 1-0

[Event "CRO-chT2 East"]
[Site "Osijek"]
[Date "2010.04.18"]
[Round "3.34"]
[White "Vukelic, Tomislav"]
[Black "Dabic, Stanko"]
[Result "1-0"]
[WhiteElo "2240"]
[BlackElo "2209"]
[PlyCount "120"]
[EventDate "2010.04.17"]
[EventType "team-tourn"]
[EventRounds "11"]
[EventCountry "CRO"]
[SourceTitle "EXT 2012"]
[Source "ChessBase"]
[SourceDate "2011.11.24"]
[SourceVersion "1"]
[SourceVersionDate "2011.11.24"]
[SourceQuality "1"]

1. c4 Nf6 2. d4 e6 3. Nc3 d5 4. cxd5 exd5 5. Bg5 Be7 6. e3 0-0 7. Qc2 b6 8. Nf3 Bb7 9. Bd3 h6 10. Bf4 c5 11. h3 Nc6 12. a3 cxd4 13. exd4 Bd6 14. Bxd6 Qxd6 15. 0-0 Rfe8 16. Rfe1 Rxe1+ 17. Rxe1 Re8 18. Rxe8+ Nxe8 19. Bb5 Nc7 20. Bxc6 Bxc6 21. Nd1 Ne6 22. Ne3 Bd7 23. g3 Nd8 24. h4 Nc6 25. Qc3 Be6 26. Ne1 Ne7 27. Nd3 Qc6 28. Qd2 Nf5 29. Nxf5 Bxf5 30. Ne1 Qc7 31. Kg2 Kf8 32. f3 Kg8 33. Kf2 Kf8 34. Ng2 Qc2 35. Qxc2 Bxc2 36. Ne3 Bb3 37. Ke1 Ke7 38. Nf5+ Kf6 39. Nd6 Ke6 40. Nc8 Kd7 41. Nxa7 Ba4 42. Kd2 Kc7 43. Kc3 Kb7 44. Kb4 Bd1 45. Nb5 Bxf3 46. Nd6+ Kc7 47. Nxf7 Be2 48. a4 Bh5 49. Ne5 g5 50. hxg5 hxg5 51. a5 bxa5+ 52. Kxa5 Be2 53. Kb4 Kb6 54. Nf7 g4 55. Ne5 Bd1 56. Kc3 Kb5 57. Kd2 Bf3 58. Nxf3 gxf3 59. g4 Kc4 60. g5 Kxd4 1-0

[Event "CRO-chT2c"]
[Site "Croatia"]
[Date "2009.05.02"]
[Round "4"]
[White "Dabic, Stanko"]
[Black "Djukic, Zeljko"]
[Result "1/2-1/2"]
[WhiteElo "2214"]
[BlackElo "2378"]
[PlyCount "50"]
[EventDate "2009.04.04"]
[EventType "team-tourn"]
[EventRounds "11"]
[EventCountry "CRO"]
[SourceTitle "EXT 2010"]
[Source "ChessBase"]
[SourceDate "2010.11.25"]
[SourceVersion "1"]
[SourceVersionDate "2010.11.25"]
[SourceQuality "1"]

1. e4 d6 2. d4 Nf6 3. Nc3 g6 4. f4 Bg7 5. Nf3 c5 6. dxc5 Qa5 7. Bd3 Qxc5 8. Qe2 0-0 9. Be3 Qa5 10. 0-0 Bg4 11. h3 Bxf3 12. Qxf3 Nc6 13. a3 a6 14. Qf2 Qc7 15. Bb6 Qc8 16. Rae1 Nd7 17. Be3 b5 18. Nd1 Qc7 19. Kh1 Na5 20. f5 Nc4 21. Bd4 Nce5 22. Nc3 e6 23. Be2 Rae8 24. Rd1 Nf6 25. Qh4 h6 1/2-1/2

[Event "CRO-chT2c"]
[Site "Croatia"]
[Date "2009.05.02"]
[Round "5"]
[White "Markotic, Branimir"]
[Black "Dabic, Stanko"]
[Result "0-1"]
[WhiteElo "2166"]
[BlackElo "2214"]
[PlyCount "94"]
[EventDate "2009.04.04"]
[EventType "team-tourn"]
[EventRounds "11"]
[EventCountry "CRO"]
[SourceTitle "EXT 2010"]
[Source "ChessBase"]
[SourceDate "2010.11.25"]
[SourceVersion "1"]
[SourceVersionDate "2010.11.25"]
[SourceQuality "1"]

1. e4 c5 2. Nf3 e6 3. d4 cxd4 4. Nxd4 a6 5. Nc3 Qc7 6. Bd3 Nc6 7. Be3 Nf6 8. 0-0 Be7 9. Kh1 0-0 10. Nxc6 dxc6 11. f4 e5 12. f5 b5 13. g4 Nd7 14. a3 Bb7 15. g5 f6 16. g6 Rfd8 17. gxh7+ Kh8 18. Rg1 Nc5 19. Qg4 Bf8 20. Bxc5 Bxc5 21. Rg3 Rd7 22. h4 Rad8 23. h5 Bf8 24. h6 c5 25. Rag1 c4 26. Be2 Qd6 27. Bf3 Qd2 28. R3g2 Qxh6+ 29. Rh2 Qe3 30. Re2 Qb6 31. Qg6 Bc5 32. Rgg2 Bd4 33. Rd2 Qc7 34. Nd1 Bc5 35. Rxd7 Qxd7 36. c3 Qe7 37. Qg4 Rd7 38. Nf2 Rd2 39. Nh3 Rxg2 40. Qxg2 Bc6 41. Nf2 Kxh7 42. Qh3+ Kg8 43. Bh5 Bxf2 44. Bg6 Qd6 45. Qh7+ Kf8 46. Qh8+ Ke7 47. Qxg7+ Kd8 0-1